О равномерности выстилки торфа стилочной машиной, оборудованной лопастным дозатором; Труды института торфа; Том 6

Бібліографічні деталі
Parent link:Труды института торфа: сборник/ Академия наук Белорусской ССР (АН БССР), Институт торфа (ИТ).— , 1951-
Том 6.— 1957.— С. 462-469
Автор: Федоров Е. А.
Мова:Російська
Опубліковано: 1957
Серія:Физические свойства торфа, торфяные машины и технология торфодобычи
Формат: Частина з книги
KOHA link:https://koha.lib.tpu.ru/cgi-bin/koha/opac-detail.pl?biblionumber=205343

MARC

LEADER 00000naa2a2200000 4500
001 205343
005 20231031190436.0
035 |a (RuTPU)RU\TPU\book\223804 
035 |a RU\TPU\book\223803 
090 |a 205343 
100 |a 20111208d1957 k y0rusy50 ca 
101 0 |a rus 
102 |a RU 
200 1 |a О равномерности выстилки торфа стилочной машиной, оборудованной лопастным дозатором  |f Е. А. Федоров 
225 1 |a Физические свойства торфа, торфяные машины и технология торфодобычи 
320 |a Библиогр.: с. 469 (3 назв.) 
461 0 |0 (RuTPU)RU\TPU\book\223500  |t Труды института торфа  |o сборник  |f Академия наук Белорусской ССР (АН БССР), Институт торфа (ИТ)  |d 1951- 
463 0 |0 (RuTPU)RU\TPU\book\223693  |t Том 6  |f под ред. П. И. Белькевич  |v С. 462-469  |d 1957  |p 543 с. 
700 1 |a Федоров  |b Е. А. 
801 1 |a RU  |b 63413507  |c 20111207 
801 2 |a RU  |b 63413507  |c 20111208  |g RCR 
942 |c BK